000 00338nam a2200133 i 4500
001 bg
100 1 _aMALEWICZ, Walenty
245 0 _aBadanie opłacalności elektrociepłowni zawodowych /
_cWalenty Malewicz.
260 _aSzczecin,
_c1976.
040 _cBPK
041 _apol
942 _cKS
008 s pl f |000 0 pol
999 _c17068
_d17068
856 _uhttp://koha.tu.koszalin.pl/cgi-bin/koha/opac-detail.pl?biblionumber=17068
_yKatalog online BPK